Science Quiz

Random Science or Letter Quiz

Scientists Missing a Letter Quiz Stats

Quiz Updated Aug 7, 2012

Challenge
Share
Tweet
Embed
Score 0/26 Timer 10:00
3 Plays Today
Lost Letter Famous Scientist % Correct
NIsaac NEWTON
86.8%
EAlbert EINSTEIN
85.2%
IMarie CURIE
80.9%
FSigmund FREUD
78.5%
HNeils BOHR
74.4%
RCharles DARWIN
74.3%
CNicolaus COPERNICUS
69.7%
JErnest Everett JUST
66.1%
PMax PLANCK
65.8%
KJohannes KEPLER
56.3%
GStephen HAWKING
53.3%
TJames WATSON
52.9%
LDmitri MENDELEEV
49.7%
Lost Letter Famous Scientist % Correct
SNikola TESLA
45.2%
MARCHIMEDES of Syracuse
42.1%
DErwin SCHRODINGER
38.2%
ALouis PASTEUR
36.1%
ULeonhard EULER
35.2%
YAlfred KINSEY
32%
XJames Clerk MAXWELL
27.6%
WEdward O. WILSON
26.3%
BTycho BRAHE
22.1%
QHenri BECQUEREL
16%
OAnton van LEEUWENHOEK
12.8%
ZEdward Norton LORENZ
11.3%
VAntoine-Laurent de LAVOISIER
9.9%

You're not logged in!

Compare scores with friends on all Sporcle quizzes.
Join for Free
OR
Log In

You Might Also Like...

Show Comments

Extras

Top Quizzes Today


Score Distribution

Your Account Isn't Verified!

In order to create a playlist on Sporcle, you need to verify the email address you used during registration. Go to your Sporcle Settings to finish the process.

Report this User

Report this user for behavior that violates our Community Guidelines.

Details: